Library of the University of Algiers 3
Ibrahim Sultan Cheibout
شعار جامعة الجزائر 3
مكتبة جامعة الجزائر 3
إبراهيم سلطان شيبوط

مبادئ الاقتصاد الكلي / (رقم التسجيلة. 42907)

تفاصيل مارك
000 -LEADER
fixed length control field 01125nam a2200253Ia 4500
003 - CONTROL NUMBER IDENTIFIER
control field Ost
005 - DATE AND TIME OF LATEST TRANSACTION
control field 20260507075111.0
008 - FIXED-LENGTH DATA ELEMENTS--GENERAL INFORMATION
fixed length control field 260507s9999||||xx |||||||||||||| ||und||
020 ## - INTERNATIONAL STANDARD BOOK NUMBER
International Standard Book Number 9957402314
040 ## - CATALOGING SOURCE
Transcribing agency fsecg
041 ## - LANGUAGE CODE
Language code of text/sound track or separate title ara
082 ## - DEWEY DECIMAL CLASSIFICATION NUMBER
Classification number 330
100 ## - MAIN ENTRY--PERSONAL NAME
Personal name كراجة، عبد الحليم
Relator term مؤلف
245 #0 - TITLE STATEMENT
Title مبادئ الاقتصاد الكلي /
Statement of responsibility, etc. عبد الحليم كراجة
250 ## - EDITION STATEMENT
Edition statement طبعة 2
260 ## - PUBLICATION, DISTRIBUTION, ETC.
Place of publication, distribution, etc. عمان:
Name of publisher, distributor, etc. دار صفاء للنشر والتوزع,
Date of publication, distribution, etc. 2001
300 ## - PHYSICAL DESCRIPTION
Extent 197 صفحة؛
Other physical details إيضاحات ؛
Dimensions 24 سم
504 ## - BIBLIOGRAPHY, ETC. NOTE
Bibliography, etc. note ببليوغرافيا:ص.197
520 ## - SUMMARY, ETC.
Summary, etc. الناتج المحلي الإجمالي والدخل القومي،مكونات الناتج القومي:الطلب والعرض الكلي،الدخل التوازني،المضاعف،مشكلات الاقتصاد الكلية،النقود والبنوك،السياسات المالية
653 ## - INDEX TERM--UNCONTROLLED
Uncontrolled term اقتصاد كلي
700 ## - ADDED ENTRY--PERSONAL NAME
Personal name الباشا، محمد وآخرون
Relator term مؤلف ثانوي
700 ## - ADDED ENTRY--PERSONAL NAME
Personal name العبادي، عبد الناصر
Relator term مؤلف ثانوي
942 ## - ADDED ENTRY ELEMENTS (KOHA)
Koha item type كتب
المقتنيات
Withdrawn status Lost status Source of classification or shelving scheme Damaged status Not for loan Home library Current library Date acquired Serial enumeration / chronology Inventory number Total checkouts Full call number Barcode Date last seen Price effective from Koha item type
    Dewey Decimal Classification   Available مكتبة كلية العلوم الإقتصادية والعلوم التجارية وعلوم التسيير مكتبة كلية العلوم الإقتصادية والعلوم التجارية وعلوم التسيير 07/05/2026 الطابق الأرضي 1506/1   أ/1506ن1 1506/1 07/05/2026 07/05/2026 كتب
    Dewey Decimal Classification   NOT LOAN / إعارة داخلية مكتبة كلية العلوم الإقتصادية والعلوم التجارية وعلوم التسيير مكتبة كلية العلوم الإقتصادية والعلوم التجارية وعلوم التسيير 07/05/2026 الطابق الأرضي 025.21/193   أ/1506ن2 025.21/193 07/05/2026 07/05/2026 كتب

موارد الويب المفتوحة


© University of Algiers 3 All Rights Reserved
|
Implemented by LECHELAH Riad